| 000 | 00893nam a22002537a 4500 | ||
|---|---|---|---|
| 999 |
_c17987 _d17987 |
||
| 003 | AR-CdUCM | ||
| 008 | 190511b ||||| |||| 00| 0 spa d | ||
| 040 |
_aMUNICIPALIDAD PROVINCIAL DEL CUSCO _cBIBLIOTECA MUNICIPAL DEL CUSCO |
||
| 041 | _heng | ||
| 082 |
_a973.009 / _bF82 |
||
| 100 |
_aFrazee, Steve _938293 |
||
| 245 | _aEl año de la gran nevada / | ||
| 260 |
_aBuenos Aires : _bPlaza & Janes, _c1965. |
||
| 300 |
_a231 páginas ; _c18 cm. |
||
| 505 | _aContenido: La expedición en medio de la nieve -- La carrera de los búfalos -- Comanche -- Lenguaje por signos -- Big timbers -- Tom Fitzpatrick ... | ||
| 650 |
_aPioneros _938294 |
||
| 650 |
_aEstados Unidos _91805 |
||
| 650 |
_aFerrocarriles _910042 |
||
| 650 |
_aHistoria _9136 |
||
| 700 |
_aMercado, Nilda (traducción) _938295 |
||
| 700 |
_aSanroma (portada) _938296 |
||
| 942 |
_2ddc _cLIBROS |
||
| 945 |
_aachl _d2019-05-11 |
||